000 00913cam a22002777a 4500
003 CHAP
005 20220329134740.0
008 971013s1939 r 00010 d
010 _a25230
011 _a26202
035 _a30302
040 _cCHAP
090 _aFolleto 464
110 _aInstituto Internacional de Agricultura
_959225
245 1 4 _aThe lland tenure systems in Europe
_b: contributions
260 _a(Geneva :
_bLeague of Nations),
_c1939
300 _a71 p
490 0 _aLeague of Nations publications. European Conference on rural life
_v; 4
590 _aBATCH-UPD
_b10
_c20130110
_lUCH01
_h2144
590 _aCONVERSION
_b10
_c20130109
_lUCH01
_h1315
650 1 4 _aTierras
_xTenencia
_xEuropa.
_9113163
830 0 _aLeague of Nations publications. European Conference on rural life
_v; 4
_965273
901 _aBK
942 _cFOLL
949 _aFolleto 464
_bBC
_cFOLL
_d-70273
_eTS1
_i30302
_si
999 _c25230
_d25230